Literature-based moral education : children's books and activities for teaching values, responsibility, and good judgment in the elementary school
Αποθηκεύτηκε σε:
| Κύριος συγγραφέας: | |
|---|---|
| Άλλοι συγγραφείς: | , |
| Μορφή: | Βιβλίο |
| Γλώσσα: | English |
| Δημοσίευση: |
Phoenix, Arizona :
Oryx Press,
1992
|
| Θέματα: | |
| Ετικέτες: |
Προσθήκη ετικέτας
Δεν υπάρχουν, Καταχωρήστε ετικέτα πρώτοι!
|
MARC
| LEADER | 00000nam a2200000 i 4500 | ||
|---|---|---|---|
| 001 | 1/98443 | ||
| 008 | 000120s1992 eng d | ||
| 020 | |a 0-89774-723-2 | ||
| 035 | |l 10056515 | ||
| 040 | |a GR-MY-UA |b gre |e aacr | ||
| 041 | 0 | |a eng | |
| 082 | 0 | |a 370.1140973 | |
| 100 | 1 | |a Lamme, Linda Leonard. | |
| 245 | 1 | 0 | |a Literature-based moral education : |b children's books and activities for teaching values, responsibility, and good judgment in the elementary school / |c Linda Leonard Lamme, Suzanne Lowell Krogh, Kathy A. Yachmetz |
| 260 | |a Phoenix, Arizona : |b Oryx Press, |c 1992 | ||
| 300 | |a 145 p. | ||
| 650 | 0 | 0 | |a Moral education |z United States. |
| 650 | 0 | 0 | |a Children |z United States |x Books and reading. |
| 650 | 0 | 0 | |a Activity programs in education |z United States. |
| 700 | 1 | |a Krogh, Suzanne Lowell. | |
| 700 | 1 | |a Yachmetz, Kathy A. | |
| 852 | |a INST |b RHODES |e 20000120 |h 370.1140973 LAM |p 005400012965 |q 005400012965 |t BK |y 0 | ||
| 901 | |a BIBL4-2000-1 | ||
| 909 | |a Ρ |b 071110 | ||
| 922 | |a 4ΕΛΗ |b 199911 |c ΚΠΣ/154 |d GLORY BOOKS | ||
| 970 | |a ΚΟΥΛΑΚΙΟΤΗ |b ΛΙΤΣΑ |z 2000/01/20 | ||